Normatividad de Bogotá (Registro nro. 22346)

Detalles MARC
000 -ENCABEZADO
Número de control [NR] 00985cam a2200253 a 4500
005 - FECHA Y HORA DE LA ÚLTIMA TRANSACCIÓN
control field 20211108102502.0
008 - DE LONGITUD FIJA DE DATOS DE ELEMENTOS - INFORMACIÓN GENERAL
Elementos de longitud fija [NR] 130821s1997 ck gr spa
020 ## - NUMERO INTERNACIONAL NORMALIZADO PARA LIBROS [R]
Número Internacional Normalizado del libro [NR] 9586531295
040 ## - FUENTE DE CATALOGACION [NR]
Agencia de catalogación original [NR] Co-BoUCM
Idioma de catalogación [NR] spa
Quien Cataloga David Avila (modificó)
Quien Clasifica [Nuevo]
041 0# - CODIGO DE IDIOMA [R]
Código de idioma para texto/pista de sonido o título separado [R] Español
110 1# - ASIENTO PRINCIPAL--NOMBRE CORPORATIVO [NR]
Nombre corporativo o de jurisdicción como elemento de entrada [NR] Bogotá (Colombia)
Unidad subordinada [R] Secretaría de Gobierno
ID de autoridad 77640
245 00 - MENCION DE TITULO [NR]
Título [NR] Normatividad de Bogotá
Parte restante del título [NR] Distrito Capital
Mención de responsabilidad, etc. [NR] Secretaría de Gobierno
246 18 - FORMA VARIANTE DEL TITULO [R]
Título propiamente dicho/forma breve del título [NR] Normatividad de Bogotá, D.C
260 ## - PUBLICACION, DISTRIBUCION, ETC. (PIE DE IMPRENTA) [R]
Lugar de publicación, distribución, etc. [R] Bogotá (Cundinamarca, Colombia)
Nombre del editor, distribuidor, etc. [R] Legis
Fecha de publicación, distribución, etc. [R] 1997
300 ## - DESCRIPCION FISICA [R]
Extensión [R] 724 páginas
650 04 - ASIENTO SECUNDARIO DE MATERIA - TERMINO TEMATICO [R]
Término temático o nombre geográfico como elemento de entrada [NR] Administración municipal
9 (RLIN) 8605
650 04 - ASIENTO SECUNDARIO DE MATERIA - TERMINO TEMATICO [R]
Término temático o nombre geográfico como elemento de entrada [NR] Administración municipal
Subdivisión general [R] Legislación
Subdivisión geográfica [R] Colombia
9 (RLIN) 102627
650 04 - ASIENTO SECUNDARIO DE MATERIA - TERMINO TEMATICO [R]
Término temático o nombre geográfico como elemento de entrada [NR] Estatuto orgánico de Santa Fe de Bogotá
9 (RLIN) 15052
650 04 - ASIENTO SECUNDARIO DE MATERIA - TERMINO TEMATICO [R]
Término temático o nombre geográfico como elemento de entrada [NR] Legislación
Subdivisión geográfica [R] Bogotá (Colombia)
9 (RLIN) 7782
650 04 - ASIENTO SECUNDARIO DE MATERIA - TERMINO TEMATICO [R]
Término temático o nombre geográfico como elemento de entrada [NR] Ordenanzas municipales
Subdivisión geográfica [R] Bogotá (Colombia)
9 (RLIN) 77641
690 #0 - ASUNTO AGREGADO LOCAL DE ENTRADA - TÉRMINO TEMÁTICO (OCLC, RLIN)
Acceso temático local Administración pública
9 (RLIN) 355
942 ## - ELEMENTOS DE ENTRADA AGREGADOS (KOHA)
Tipo de ítem principal el descrito en 300a Libro
Tema principal Administración
Edición 1
Clasificación 352.0072
Parte restante de la signatura top. N67
Sistema de clasificación DEWEY
Existencias
Total préstamos Signatura topográfica Código de barras Última vez visto Ejemplar Price effective from Tipo de ítem Perdido Sistema de clasificación Dañado No prestable Tipo de ítem específico Suprimido Ubicación habitual Ubicación actual Localización Fecha de creación Forma de adquisición Costo
  352.0072 N67 100049134 09/12/2025 Ej.2 03/02/2013 Libro   DEWEY     Libro   Claustro Claustro 2do piso 28/02/2003 Compra 48000.00